The Long And Winding Road - The Beatles (All Lyrics) - Statistics

General Stats
  • This quiz has been taken 127 times
  • The average score is 120 of 147
Answer Stats
Lyrics % Correct
a
100%
and
100%
long
100%
long,
100%
road
100%
the
100%
to
100%
winding
100%
you
100%
door
99%
lead
99%
your
99%
that
95%
leads
94%
me
94%
here
86%
here?
86%
i've
86%
never
85%
time
85%
will
85%
before
81%
it
80%
seen
80%
been
77%
disappear
77%
many
77%
times
76%
standing
75%
alone
73%
ago
72%
leave
72%
always
71%
night
71%
windy
70%
back
68%
still
68%
waiting
68%
waiting)
68%
way
68%
don't
67%
(don't
67%
know
67%
cried
66%
left
66%
they
65%
wild
63%
you'll
62%
ways
61%
away
59%
of
59%
let
58%
tried
58%
but
56%
rain
54%
washed
53%
for
51%
tears
51%
why
49%
anyway,
48%
has
48%
day
46%
keep
46%
crying
39%
pool
39%
yeah,
38%
yeah
38%
No matching quizzes found
Score Distribution
Percent of People with Each Score
Percentile by Number Answered
Your Score History
You have not taken this quiz